Top 10 Länder nach Goldproduktion - Kartenquiz - Statistiken

Allgemein
  • Dieses Quiz wurde 40 mal gespielt
  • Das Durchschnittsergebnis liegt bei 7 aus 10
Antworten auf der Karte
Die Antworten werden auf der Karte rot bzw. grün angezeigt, abhängig davon wie oft sie richtig erraten wurden.
 
Antwortstatistiken
Platz Abbaumenge in Tonnen Land % Korrekt
3 290 Australien
95%
1 380 China
95%
4 200 Kanada
95%
2 310 Russland
95%
5 160 Vereinigte Staaten
95%
8 130 Mexiko
84%
7 130 Kasachstan
59%
10 100 Indonesien
54%
9 120 Usbekistan
38%
6 130 Ghana
8%
Keine übereinstimmenden Quizze gefunden
Verteilung der Resultate
Anzahl Personen mit jedem Resultat
Perzentil nach korrekt beantworteten Fragen
Ihre Resultats-Entwicklung
Sie haben dieses Quiz noch nicht gespielt